Statistiques concernant Les pays producteurs de bière en Europe en 2017

Cliquez ici pour prendre le quiz!

Statistiques générales

  • Ce quiz a été pris 110 fois
    (68 depuis la dernière actualisation)
  • Le résultat moyen est 8 sur 9

Statistiques - réponses

Quantité en milliers d'hectolitresPays% Correct
21000France
100%
37621Espagne
99%
93013Allemagne
97%
40480Royaume Uni
93%
15603Italie
91%
24271Pays-Bas
88%
40382Pologne
88%
20322République Tchèque
85%
16050Roumanie
72%

Distribution des résultats

Percentile par nombre de réponses

% des personnes avec chaque résultat

Votre développement - résultats

Vous n’avez pas pris ce quiz depuis la dernière actualisation